[Event "Sao Paulo Carnaval op"]
[Site "Sao Paulo"]
[Date "2020.02.24"]
[Round "6"]
[White "Da Cunha, Gabriela Goes"]
[Black "Laperuta, Renan Portes"]
[Result "1-0"]
[WhiteElo "1541"]
[BlackElo "1718"]
[PlyCount "77"]
[EventDate "2020.02.22"]
[EventType "swiss"]
[EventRounds "7"]
[EventCountry "BRA"]
[SourceTitle "CBM 195 Extra"]
[Source "ChessBase"]
[SourceDate "2020.05.31"]
[SourceVersion "1"]
[SourceVersionDate "2020.05.31"]
[SourceQuality "1"]

1. e4 e5 2. Nf3 Nc6 3. Bc4 Bc5 4. c3 Nf6 5. d4 exd4 6. e5 d5 7. Bb5 Ne4 8. cxd4 Bb6 9. Nc3 Bf5 10. 0-0 0-0 11. Bxc6 bxc6 12. Be3 Qe7 13. Nd2 Nxc3 14. bxc3 Ba5 15. Rc1 Rab8 16. Qa4 Rb5 17. Nb3 Bb6 18. c4 Bd3 19. c5 Bxf1 20. Kxf1 Bxc5 21. Nxc5 Rfb8 22. Na6 R8b6 23. Rxc6 Rxc6 24. Qxb5 Rb6 25. Qa4 Rb1+ 26. Ke2 Rb2+ 27. Kd1 Qe6 28. Nxc7 Rb1+ 29. Bc1 Qc8 30. Qe8+ Qxe8 31. Nxe8 Ra1 32. a3 Ra2 33. Be3 Rxa3 34. Kc2 Ra6 35. Nd6 Kf8 36. Nb5 Ke7 37. Kd3 Ra5 38. Nc3 Ra6 39. Nxd5+ 1-0

[Event "BRA-ch U14"]
[Site "Florianopolis"]
[Date "2019.04.20"]
[Round "4"]
[White "Moretto, Heitor Frainer"]
[Black "Laperuta, Renan Portes"]
[Result "1/2-1/2"]
[WhiteElo "1468"]
[BlackElo "1778"]
[PlyCount "47"]
[EventDate "2019.04.18"]
[EventType "swiss"]
[EventRounds "6"]
[EventCountry "BRA"]
[SourceTitle "CBM 190 Extra"]
[Source "ChessBase"]
[SourceDate "2019.07.15"]
[SourceVersion "1"]
[SourceVersionDate "2019.07.15"]
[SourceQuality "1"]

1. e4 e5 2. Nf3 Nc6 3. Bb5 a6 4. Bxc6 dxc6 5. 0-0 Bd6 6. d4 exd4 7. Qxd4 f6 8. Nbd2 Be6 9. Rd1 Ne7 10. b3 0-0 11. Nc4 Bb4 12. Ba3 Bxa3 13. Qxd8 Raxd8 14. Nxa3 c5 15. c4 Nc6 16. Nc2 Bg4 17. Ne3 Bxf3 18. gxf3 Nd4 19. Kg2 c6 20. Rd2 Ne6 21. Rad1 Rxd2 22. Rxd2 Rd8 23. Rxd8+ Nxd8 24. Nf5 1/2-1/2

[Event "BRA-ch U20"]
[Site "Sao Paulo"]
[Date "2018.06.29"]
[Round "2"]
[White "Laperuta, Renan Portes"]
[Black "Oliveira, Danyel Angelo Aquin"]
[Result "0-1"]
[WhiteElo "1543"]
[BlackElo "1793"]
[PlyCount "74"]
[EventDate "2018.06.28"]
[EventType "swiss"]
[EventRounds "6"]
[EventCountry "BRA"]
[SourceTitle "EXT 2019"]
[Source "ChessBase"]
[SourceDate "2018.10.10"]
[SourceVersion "1"]
[SourceVersionDate "2018.10.10"]
[SourceQuality "1"]

1. e4 c5 2. Nf3 d6 3. d4 cxd4 4. Nxd4 Nf6 5. Nc3 a6 6. h3 e5 7. Nde2 Be6 8. Be3 b5 9. g4 b4 10. Nd5 Bxd5 11. exd5 Be7 12. Bg2 0-0 13. Ng3 Nbd7 14. Nf5 Ne8 15. Qd2 Rb8 16. 0-0 g6 17. Nxe7+ Qxe7 18. Bh6 Ng7 19. f4 f6 20. fxe5 Nxe5 21. b3 Qd7 22. a3 a5 23. axb4 axb4 24. Qf2 Rf7 25. Be3 Ne8 26. Ra7 Rb7 27. Rfa1 Qc8 28. Ra8 Rb8 29. Rxb8 Qxb8 30. Ra4 Rb7 31. Bd2 Rb5 32. Qd4 Qc8 33. Rxb4 Rxb4 34. Qxb4 Qxc2 35. Bh6 g5 36. Qe4 Qxe4 37. Bxe4 Nf7 0-1

[Event "BRA-ch U12"]
[Site "Florianopolis"]
[Date "2018.04.30"]
[Round "4"]
[White "Ramazzotte, Maicon Zilli"]
[Black "Laperuta, Renan Portes"]
[Result "1/2-1/2"]
[WhiteElo "1469"]
[BlackElo "1535"]
[PlyCount "76"]
[EventDate "2018.04.28"]
[EventType "swiss"]
[EventRounds "6"]
[EventCountry "BRA"]
[SourceTitle "EXT 2021"]
[Source "ChessBase"]
[SourceDate "2020.10.23"]
[SourceVersion "1"]
[SourceVersionDate "2020.10.23"]
[SourceQuality "1"]

1. e4 e5 2. Nf3 Nc6 3. Bc4 Bc5 4. c3 Nf6 5. d4 exd4 6. cxd4 Bb4+ 7. Bd2 Bxd2+ 8. Nbxd2 d6 9. d5 Ne7 10. 0-0 0-0 11. h3 Re8 12. Bd3 Ng6 13. Nh2 Ne5 14. Qc2 b6 15. f4 Nxd3 16. Qxd3 Bb7 17. Rae1 Qd7 18. Qg3 Qa4 19. a3 Nxe4 20. Nxe4 Rxe4 21. b3 Qd4+ 22. Kh1 Rxe1 23. Qxe1 Qxd5 24. Qg3 Re8 25. Ng4 Qe6 26. f5 Qe7 27. f6 gxf6 28. Nxf6+ Kh8 29. Qh4 Be4 30. Rf4 Bg6 31. Nxe8 Qxe8 32. Qf2 Qe6 33. Rc4 c5 34. Qh4 d5 35. Qd8+ Kg7 36. Ra4 Qe1+ 37. Kh2 Qe5+ 38. Kh1 Qe1+ 1/2-1/2

[Event "BRA-ch U12"]
[Site "Florianopolis"]
[Date "2018.04.29"]
[Round "3"]
[White "Laperuta, Renan Portes"]
[Black "Buganca, Luiz Henrique Da Si"]
[Result "1/2-1/2"]
[WhiteElo "1535"]
[BlackElo "1777"]
[PlyCount "92"]
[EventDate "2018.04.28"]
[EventType "swiss"]
[EventRounds "6"]
[EventCountry "BRA"]
[SourceTitle "EXT 2021"]
[Source "ChessBase"]
[SourceDate "2020.10.23"]
[SourceVersion "1"]
[SourceVersionDate "2020.10.23"]
[SourceQuality "1"]

1. e4 c5 2. Nf3 d6 3. d4 cxd4 4. Nxd4 Nf6 5. Nc3 a6 6. h3 e5 7. Nde2 Be6 8. g4 d5 9. exd5 Bxd5 10. Nxd5 Qxd5 11. Qxd5 Nxd5 12. Bg2 Nb4 13. Kd1 N8c6 14. c3 0-0-0+ 15. Bd2 Nd3 16. Kc2 Nxf2 17. Rhf1 Bc5 18. Be1 Nd3 19. Rxf7 g6 20. Bh4 Rd6 21. Rd1 Ndb4+ 22. cxb4 Nxb4+ 23. Kb3 Rxd1 24. Bxb7+ Kb8 25. Nc3 Rd3 26. a3 Rd4 27. Ne2 Rd3+ 28. Nc3 Rd4 29. Ne2 Nd3 30. Nxd4 Bxd4 31. Kc2 Nxb2 32. Bxa6 Na4 33. Be7 Bc5 34. Bf6 Re8 35. Bb5 Re6 36. Bxa4 Bd4 37. Bg5 Ra6 38. Kb3 Rb6+ 39. Kc4 Ra6 40. Rf8+ Kb7 41. Rf7+ Kb8 42. Bb5 Rxa3 43. Rf6 Rc3+ 44. Kb4 Rxh3 45. Bc6 Rc3 46. Bb5 Rc7 1/2-1/2

[Event "Sao Paulo op-C U1700 7th"]
[Site "Sao Paulo"]
[Date "2018.04.01"]
[Round "6"]
[White "Laperuta, Renan Portes"]
[Black "Monteiro, Daniel Zotelli"]
[Result "1/2-1/2"]
[WhiteElo "1535"]
[BlackElo "1800"]
[PlyCount "175"]
[EventDate "2018.03.30"]
[EventType "swiss"]
[EventRounds "6"]
[EventCountry "BRA"]
[SourceTitle "EXT 2021"]
[Source "ChessBase"]
[SourceDate "2020.10.23"]
[SourceVersion "1"]
[SourceVersionDate "2020.10.23"]
[SourceQuality "1"]

1. e4 e5 2. Nf3 Nc6 3. Bc4 Bc5 4. Nc3 Nf6 5. d3 h6 6. Be3 Bb6 7. Nd5 d6 8. 0-0 Nxd5 9. Bxd5 Ne7 10. Bb3 c5 11. Qe2 Nc6 12. c3 Qf6 13. Nd2 g5 14. f3 Bd7 15. a3 Bc7 16. Bd5 Ke7 17. Qf2 Be6 18. Bxe6 fxe6 19. Nb3 b6 20. Rac1 d5 21. exd5 exd5 22. d4 c4 23. Nd2 Kd7 24. dxe5 Qxe5 25. g3 Rhf8 26. Rcd1 Kc8 27. Rfe1 Qf6 28. Rf1 Kb7 29. Kg2 Rae8 30. Nb1 Qf7 31. a4 Re7 32. Bd4 Rfe8 33. Rfe1 Nxd4 34. cxd4 Rxe1 35. Rxe1 Rxe1 36. Qxe1 Qf5 37. Qd1 a6 38. Nc3 Kc6 39. Qd2 b5 40. axb5+ axb5 41. Na2 Kb6 42. Nb4 Bd6 43. Qc3 g4 44. fxg4 Qe4+ 45. Kh3 Bxb4 46. Qxb4 Qxd4 47. Qd6+ Ka5 48. Qd8+ Kb4 49. Qe7+ Qc5 50. Qe1+ c3 51. bxc3+ Qxc3 52. Qb1+ Kc5 53. Qf1 b4 54. Qf8+ Kc4 55. Qxh6 b3 56. Qf4+ d4 57. Qf7+ Kd3 58. Qf3+ Kc2 59. Qe2+ Kb1 60. Qd1+ Ka2 61. Qe2+ Qc2 62. Qa6+ Kb2 63. Qf6 Qc3 64. g5 d3 65. Qxc3+ Kxc3 66. g6 d2 67. g7 d1Q 68. g8Q b2 69. Qc8+ Kd2 70. Qd7+ Kc1 71. Qc6+ Qc2 72. Qh1+ Kd2 73. Qg2+ Kc3 74. Qc6+ Kb3 75. Qb6+ Ka2 76. Qa5+ Kb1 77. Qe1+ Qc1 78. Qe4+ Qc2 79. Qe1+ Ka2 80. Qa5+ Kb3 81. Qb5+ Kc3 82. Qc5+ Kd3 83. Qf5+ Kd2 84. Qf2+ Kc1 85. Qf1+ Qd1 86. Qc4+ Kb1 87. Qe4+ Ka1 88. Qa8+ 1/2-1/2

[Event "Pocos de Caldas op"]
[Site "Pocos de Caldas"]
[Date "2018.03.03"]
[Round "3"]
[White "Laperuta, Renan Portes"]
[Black "Alves, Vinicius Santiago S"]
[Result "1-0"]
[WhiteElo "1535"]
[BlackElo "1769"]
[PlyCount "63"]
[EventDate "2018.03.02"]
[EventType "swiss"]
[EventRounds "6"]
[EventCountry "BRA"]
[SourceTitle "CBM 183 Extra"]
[Source "ChessBase"]
[SourceDate "2018.04.19"]
[SourceVersion "1"]
[SourceVersionDate "2018.04.19"]
[SourceQuality "1"]

1. e4 e5 2. Nf3 Nc6 3. Bc4 Nf6 4. d3 Bc5 5. Nc3 d6 6. Be3 Bxe3 7. fxe3 Be6 8. Bb3 d5 9. exd5 Bxd5 10. Nxd5 Nxd5 11. Qd2 0-0 12. 0-0 Nf6 13. a3 Qe7 14. e4 Qc5+ 15. Kh1 Rad8 16. Qg5 h6 17. Qd2 Nxe4 18. Qe2 Nf6 19. Rae1 Rfe8 20. Nd2 Nd4 21. Qd1 Nxb3 22. Nxb3 Qc6 23. Re3 Nd5 24. Rg3 Nf4 25. Qg4 Qg6 26. Qf3 Qf6 27. Qxb7 e4 28. dxe4 Rxe4 29. Qxe4 Qd6 30. Rgf3 g5 31. g3 Nh3 32. Rxf7 1-0

[Event "Sao Paulo Hebraica op 25th"]
[Site "Sao Paulo"]
[Date "2018.01.14"]
[Round "5"]
[White "Da Rosa, Henrique Jaze Simoe"]
[Black "Laperuta, Renan Portes"]
[Result "1-0"]
[WhiteElo "1557"]
[BlackElo "1340"]
[PlyCount "41"]
[EventDate "2018.01.12"]
[EventType "swiss"]
[EventRounds "6"]
[EventCountry "BRA"]
[SourceTitle "CBM 182 Extra"]
[Source "ChessBase"]
[SourceDate "2018.02.23"]
[SourceVersion "1"]
[SourceVersionDate "2018.02.23"]
[SourceQuality "1"]

1. Nf3 Nf6 2. b3 g6 3. Bb2 Bg7 4. e3 0-0 5. Be2 Re8 6. 0-0 d6 7. d4 Nbd7 8. c4 e6 9. Nc3 Nb6 10. Rc1 Bd7 11. Qd2 Bc6 12. Rfd1 d5 13. cxd5 Nfxd5 14. Nxd5 Bxd5 15. Qc2 Bc6 16. Ne5 Bd5 17. Qxc7 Re7 18. Qxd8+ Rxd8 19. Ba3 Ree8 20. Bb5 Bf8 21. Bxe8 1-0

[Event "Sao Paulo Hebraica op 25th"]
[Site "Sao Paulo"]
[Date "2018.01.14"]
[Round "6"]
[White "Fujita, Daniela Miwa"]
[Black "Laperuta, Renan Portes"]
[Result "0-1"]
[WhiteElo "1520"]
[BlackElo "1340"]
[PlyCount "96"]
[EventDate "2018.01.12"]
[EventType "swiss"]
[EventRounds "6"]
[EventCountry "BRA"]
[SourceTitle "CBM 182 Extra"]
[Source "ChessBase"]
[SourceDate "2018.02.23"]
[SourceVersion "1"]
[SourceVersionDate "2018.02.23"]
[SourceQuality "1"]

1. e4 e5 2. Nf3 Nc6 3. Bb5 a6 4. Ba4 Nf6 5. d3 d6 6. c3 b5 7. Bc2 Be7 8. 0-0 Bb7 9. Re1 0-0 10. Nbd2 Nb8 11. Nf1 Nbd7 12. Ng3 c5 13. Nf5 Nb6 14. Bg5 h6 15. Bh4 Qc7 16. Nxe7+ Qxe7 17. Nd2 Rac8 18. Nf1 Qe6 19. Ne3 g6 20. Qf3 Nfd7 21. h3 c4 22. Qe2 Nc5 23. Ng4 g5 24. Bg3 cxd3 25. Bxd3 Nc4 26. Rab1 Nxd3 27. Qxd3 Kg7 28. Nh2 Rfd8 29. Qe2 Nb6 30. f3 f6 31. Bf2 d5 32. Nf1 dxe4 33. fxe4 Nd7 34. a3 Qc4 35. Qg4 Nc5 36. Bxc5 Qxc5+ 37. Kh1 Qf2 38. Ng3 Rd2 39. Nf5+ Kh7 40. Rg1 Qe2 41. Ng3 Qxg4 42. hxg4 Rc4 43. Rge1 Rf2 44. Nf5 Rxe4 45. Red1 Bc6 46. Rd6 Rxg4 47. Rxf6 Bxg2+ 48. Kg1 Rxf5 0-1

[Event "BRA-ch Amateur U1600"]
[Site "Sao Paulo"]
[Date "2017.10.15"]
[Round "7"]
[White "Dutra, Liliam Guedes"]
[Black "Laperuta, Renan Portes"]
[Result "1-0"]
[WhiteElo "1559"]
[BlackElo "1314"]
[PlyCount "79"]
[EventDate "2017.10.12"]
[EventType "swiss"]
[EventRounds "7"]
[EventCountry "BRA"]
[SourceTitle "EXT 2022"]
[Source "ChessBase"]
[SourceDate "2021.10.06"]
[SourceVersion "1"]
[SourceVersionDate "2021.10.06"]
[SourceQuality "1"]

1. d4 Nf6 2. c4 g6 3. Nf3 Bg7 4. Nc3 0-0 5. e4 d6 6. Be2 Nbd7 7. 0-0 c5 8. d5 Nb6 9. Qc2 Nfd7 10. b3 Ne5 11. Bb2 f5 12. Nxe5 Bxe5 13. Bd3 Qe8 14. exf5 Bxf5 15. Bxf5 Rxf5 16. Rad1 Qf7 17. Bc1 Rh5 18. g3 Qf3 19. Rd3 Qg4 20. f3 Qh3 21. Ne4 Rf8 22. Be3 h6 23. Qg2 Qxg2+ 24. Kxg2 Kg7 25. f4 Rhf5 26. Rf2 Bd4 27. Bxd4+ cxd4 28. Rxd4 Nd7 29. Nd2 Nf6 30. h3 Nd7 31. Nf3 Rc8 32. g4 Rff8 33. Re2 Kf7 34. g5 h5 35. h4 Rc5 36. Nd2 Ra5 37. Nb1 Ke8 38. Kf3 Rc5 39. Rde4 Rf7 40. Re6 1-0

[Event "BRA-ch Amateur U1600"]
[Site "Sao Paulo"]
[Date "2017.10.14"]
[Round "6"]
[White "Laperuta, Renan Portes"]
[Black "Borges, Silvio"]
[Result "1-0"]
[WhiteElo "1314"]
[BlackElo "1595"]
[PlyCount "72"]
[EventDate "2017.10.12"]
[EventType "swiss"]
[EventRounds "7"]
[EventCountry "BRA"]
[SourceTitle "EXT 2022"]
[Source "ChessBase"]
[SourceDate "2021.10.06"]
[SourceVersion "1"]
[SourceVersionDate "2021.10.06"]
[SourceQuality "1"]

1. e4 e5 2. Nf3 Nc6 3. Bc4 Bc5 4. Nc3 Nf6 5. d3 h6 6. 0-0 0-0 7. Be3 d6 8. Bxc5 dxc5 9. h3 Re8 10. Qd2 Nd4 11. Qd1 c6 12. a4 Rb8 13. Nxd4 cxd4 14. Ne2 b5 15. axb5 cxb5 16. Bb3 a5 17. f4 a4 18. Ba2 Qb6 19. Qe1 Bb7 20. Qf2 Bc6 21. fxe5 Rxe5 22. Qxd4 Qc7 23. Ng3 Bd7 24. Qf2 Rg5 25. Ne2 Bxh3 26. Nf4 Bg4 27. Nd5 Rxd5 28. Bxd5 Re8 29. d4 Nxd5 30. exd5 Re2 31. Qf4 Qd7 32. Rac1 g5 33. Qg3 f5 34. Rfe1 Qxd5 35. Rxe2 Bxe2 36. Re1 Bc4 1-0

[Event "BRA-ch U12"]
[Site "Brasilia"]
[Date "2017.04.22"]
[Round "3.1"]
[White "Mendes Domingues, Ribeiro Matheus"]
[Black "Laperuta, Renan Portes"]
[Result "1-0"]
[WhiteElo "1700"]
[BlackElo "1301"]
[PlyCount "55"]
[EventDate "2017.04.21"]
[EventType "swiss"]
[EventRounds "6"]
[EventCountry "BRA"]
[SourceTitle "EXT 2022"]
[Source "ChessBase"]
[SourceDate "2021.10.06"]
[SourceVersion "1"]
[SourceVersionDate "2021.10.06"]
[SourceQuality "1"]

1. c4 e5 2. Nc3 Nf6 3. g3 Bc5 4. Bg2 d6 5. d3 Nc6 6. Nf3 h6 7. 0-0 0-0 8. Be3 Bb6 9. Na4 Bxe3 10. fxe3 Be6 11. Rb1 a5 12. b3 Qd7 13. d4 Bf5 14. Rc1 Ng4 15. Qd2 exd4 16. Nxd4 Nxd4 17. exd4 c6 18. Nb6 Qe6 19. Nxa8 Rxa8 20. d5 Qe3+ 21. Qxe3 Nxe3 22. Rf2 Nxg2 23. Kxg2 Be4+ 24. Kg1 cxd5 25. cxd5 Bxd5 26. Rd1 Be4 27. Rxd6 Bb1 28. e3 1-0

[Event "Sao Paulo op-C U1700 6th"]
[Site "Sao Paulo"]
[Date "2017.04.15"]
[Round "3"]
[White "Laperuta, Renan Portes"]
[Black "Yokomizo, Wilton"]
[Result "1-0"]
[WhiteElo "1301"]
[BlackElo "1443"]
[PlyCount "117"]
[EventDate "2017.04.14"]
[EventType "swiss"]
[EventRounds "6"]
[EventCountry "BRA"]
[SourceTitle "EXT 2019"]
[Source "ChessBase"]
[SourceDate "2018.10.10"]
[SourceVersion "1"]
[SourceVersionDate "2018.10.10"]
[SourceQuality "1"]

1. e4 Nf6 2. e5 Nd5 3. d4 d6 4. Nf3 Nc6 5. Bc4 Nb6 6. Bd3 Bg4 7. Bf4 Nxd4 8. exd6 cxd6 9. Be4 Nc6 10. 0-0 d5 11. Bd3 e5 12. Re1 Bd6 13. Bb5 e4 14. h3 Bh5 15. Bxd6 Bxf3 16. gxf3 Qxd6 17. Rxe4+ Kd7 18. Rg4 Kc7 19. Kh1 Ne5 20. Rg3 Qc5 21. Qe2 d4 22. Rg5 Kd6 23. f4 Qd5+ 24. f3 Qxf3+ 25. Qxf3 Nxf3 26. Rxg7 Rhg8 27. Rxg8 Rxg8 28. Na3 Ke6 29. Rf1 Rg3 30. Be2 Rxh3+ 31. Kg2 Rh4 32. Kxf3 Nd5 33. Kg3 Rh6 34. Bd3 Ne3 35. Re1 Kf6 36. Nb5 Nf5+ 37. Bxf5 Kxf5 38. Nxd4+ Kf6 39. Re2 Rg6+ 40. Kf3 h5 41. Rh2 Rh6 42. Kg3 Rg6+ 43. Kf2 Rg4 44. Kf3 Kg6 45. Rg2 f5 46. b4 Kf6 47. a4 a6 48. c4 Rh4 49. Rg5 Rh3+ 50. Rg3 Rh1 51. Ke3 h4 52. Rg5 Rh3+ 53. Kf2 Rh2+ 54. Kg1 Rb2 55. Rxf5+ Kg6 56. b5 h3 57. bxa6 bxa6 58. Ra5 Rb4 59. Rxa6+ 1-0